一駅あたりの面積TOP50・ワースト50-中部- - Statistics

General Stats
  • This quiz has been taken 11 times
  • The average score is 55 of 100
Answer Stats
順位 面積/駅数 自治体名 % Correct
1 362.94 高山市
90%
2 2.16 名古屋市
90%
18 5.99 一宮市
90%
25 6.87 あま市
90%
38 9.19 北名古屋市
90%
39 9.28 春日井市
90%
42 9.56 安城市
90%
46 10.7 犬山市
90%
21 113.22 飛騨市
80%
22 113.15 朝日町
80%
4 3.47 舟橋村
80%
6 3.59 長久手市
80%
21 6.3 刈谷市
80%
22 6.56 知多市
80%
34 8.48 豊川市
80%
36 8.74 豊橋市
80%
44 10.47 小牧市
80%
19 116.02 土岐市
70%
28 106.4 下呂市
70%
39 87.43 瑞浪市
70%
40 87.24 大野市
70%
46 78.72 関市
70%
1 1.93 清須市
70%
3 3.39 野々市市
70%
8 3.73 扶桑町
70%
12 4.82 東海市
70%
27 6.99 常滑市
70%
29 7.12 蒲郡市
70%
37 9.17 碧南市
70%
2 267.81 揖斐川町
60%
13 133.59 伊那市
60%
23 112.74 中津川市
60%
24 111.44 南砺市
60%
25 111.41 妙高市
60%
27 106.74 村上市
60%
31 100.41 北杜市
60%
33 94.19 菊川市
60%
42 85.29 上野原市
60%
5 3.49 岩倉市
60%
7 3.7 蟹江町
60%
9 4.08 知立市
60%
10 4.37 高浜市
60%
15 5.27 半田市
60%
23 6.59 武豊町
60%
24 6.71 羽島市
60%
26 6.99 高岡市
60%
28 7.05 瑞穂市
60%
30 7.21 稲沢市
60%
48 10.94 射水市
60%
50 11.61 豊明市
60%
3 212.19 おおい町
50%
5 194.06 藤枝市
50%
8 144.9 山梨市
50%
10 136.13 阿賀町
50%
11 134.07 小矢部市
50%
14 133.3 茅野市
50%
18 118.95 白川町
50%
26 109.17 諏訪市
50%
29 101.96 加賀市
50%
32 94.68 魚沼市
50%
38 88.04 甲州市
50%
41 85.92 南越前町
50%
50 76.19 美浜町
50%
13 5.15 笠松町
50%
31 7.7 美浜町
50%
32 7.79 東浦町
50%
41 9.56 小布施町
50%
43 10.17 内灘町
50%
47 10.74 市川三郷町
50%
4 209.61 川上村
40%
6 181.99 伊豆市
40%
7 158.68 木曽町
40%
9 140.5 木祖村
40%
16 123.68 小松市
40%
17 123.38 東栄町
40%
20 115.27 氷見市
40%
34 91.58 穴水町
40%
43 84.21 上松町
40%
44 84.14 能美市
40%
45 79.2 富士河口湖町
40%
47 78.16 大桑村
40%
16 5.49 各務原市
40%
33 7.91 岐南町
40%
35 8.58 永平寺町
40%
40 9.53 愛西市
40%
45 10.57 鯖江市
40%
12 133.72 加茂市
30%
15 132.38 胎内市
30%
30 100.96 笛吹市
30%
35 90.47 七宗町
30%
48 77.91 見附市
30%
14 5.26 尾張旭市
30%
17 5.95 阿久比町
30%
19 6.07 滑川市
30%
49 11.34 高森町
30%
36 89.32 湯沢町
20%
49 77.05 中川村
20%
20 6.26 神戸町
20%
37 88.63 山ノ内町
10%
11 4.54 昭和町
10%
No matching quizzes found
Score Distribution
Percent of People with Each Score
Percentile by Number Answered
Your Score History
You have not taken this quiz